|
|
|
|
| LEADER |
00000nam0a2200000 4500 |
| 001 |
292514 |
| 005 |
20231102000513.0 |
| 035 |
|
|
|a (RuTPU)RU\TPU\book\317146
|
| 090 |
|
|
|a 292514
|
| 100 |
|
|
|a 20150423d2010 km y0rusy50 ca
|
| 101 |
0 |
|
|a rus
|
| 102 |
|
|
|a RU
|
| 105 |
|
|
|a ac z 001zd
|
| 200 |
1 |
|
|a Томский Политехнический - моя точка опоры
|f Ю. Е. Новоселов
|
| 210 |
|
|
|a Москва
|c [Б. и.]
|d 2010
|
| 215 |
|
|
|a 192 с.
|c ил.
|
| 316 |
|
|
|5 63413507: 15-780
|a На контртитуле дарственная надпись: "Петр Савельевич, Ваш патриотизм, любовь и преданность к ТПУ, вселяет твердую уверенность в его дальнейшем процветании. С уважением Юрий Евлампиевич. Новоселов. 16.IX.2010 г."
|
| 317 |
|
|
|5 63413507: КР-2304
|a Поступил в НТБ в 2017 г. в составе книжного собрания ректора ТПИ И. П. Чучалина
|
| 606 |
1 |
|
|a Томский политехнический университет
|2 stltpush
|3 (RuTPU)RU\TPU\subj\67475
|9 83260
|
| 606 |
1 |
|
|a Электротехническая промышленность
|2 stltpush
|3 (RuTPU)RU\TPU\subj\20913
|9 45974
|
| 610 |
1 |
|
|a автобиографии
|
| 610 |
1 |
|
|a автобиографическая проза
|
| 610 |
1 |
|
|a выпускники ТПУ
|
| 610 |
1 |
|
|a воспоминания
|
| 610 |
1 |
|
|a мемуары
|
| 610 |
1 |
|
|a дары автора
|
| 610 |
1 |
|
|a Томский электроламповый завод
|
| 610 |
1 |
|
|a дары библиотеке
|
| 610 |
1 |
|
|a дарственные надписи
|
| 610 |
1 |
|
|a Коллекция История ТПУ
|
| 675 |
|
|
|a 621.31.002
|v 3
|
| 686 |
|
|
|a Ч484(2)72ТПУ
|v LBC/SL-A
|2 rubbk
|
| 700 |
|
1 |
|a Новоселов
|b Ю. Е.
|g Юрий Евлампиевич
|
| 801 |
|
1 |
|a RU
|b 63413507
|c 20150423
|
| 801 |
|
2 |
|a RU
|b 63413507
|c 20210204
|g RCR
|
| 942 |
|
|
|c BK
|